000 00633nam a22002657a 4500
003 UA-OsUOA
001 23248
007 ta
008 20040115b un ||||| |||| 00| 0 ukr d
100 _aХопко Фома
090 _a242
_bХ78
942 _cBK
040 _aUA-OsUOA
_brus
_cUA-OsUOA
_dUA-OsUOA
245 _aОсновы православия
300 _a344 с.
955 _a0
041 _arus
080 _a242
020 _a0-934927-04-09
260 _aМинск
_b"Полифакт"
_c1991
044 _aBY
250 _nРепринтное изд. R.B.R., 1987
650 7 _2UDC
999 _c309492
_d309492